All Named Dark Ones - Once Upon a Time - Statistics

General Stats
  • This quiz has been taken 32 times
  • The average score is 4 of 6
Answer Stats
Hint Answer % Correct
x Emma Swan
92%
x Rumplestiltskin
77%
x Nimue
69%
x Killian Jones
62%
x Zoso
42%
x Gorgon
19%
No matching quizzes found
Score Distribution
Percent of People with Each Score
Percentile by Number Answered
Your Score History
You have not taken this quiz